Internet Explorer 5.5 : Podrobný průvodce začínajícího uživatele

Guardado en:
Detalles Bibliográficos
Autor principal: Renda, Miroslav (Autor)
Formato: Libro
Lenguaje:checo
Publicado: Praha : Grada Publishing, 2000
Materias:
Etiquetas: Agregar Etiqueta
Sin Etiquetas, Sea el primero en etiquetar este registro!

MARC

LEADER 00000nam a22000003a 4500
001 stu73226
005 20190206132318.3
008 020114s2000----xr------------------cze-d
020 |a 80-247-0006-9 
040 |a STU  |b slo 
041 0 |a cze 
044 |a xr 
080 |a 681.324 
084 |a C5620  |2 INS 
084 |a C6155  |2 INS 
084 |a C7250N  |2 INS 
084 |a D5020  |2 INS 
100 1 |a Renda, Miroslav  |4 aut 
245 1 |a Internet Explorer 5.5 :  |b Podrobný průvodce začínajícího uživatele 
260 |a Praha :  |b Grada Publishing,  |c 2000 
300 |a 223 s.;obr.,tab 
650 7 |a počítačové siete  |2 stusub 
650 7 |a komunikačné siete  |2 stusub 
650 7 |a elektronická pošta  |2 stusub 
650 7 |a World Wide Web  |2 estusub 
996 |b 284EK84287  |c E*84287  |l EELSDV  |s P  |a 0  |w stu73226_0001 
996 |b 284V000088  |c V*47771/O-21035  |l VVS  |s A  |a 24  |w stu73226_0002